Città e Regioni - Quiz n°33 - Statistics

Statistiche generali
  • Questo quiz è stato fatto 76 volte
  • Il punteggio medio è 8 su 10
Statistiche sulle risposte
Hint Risposta % Corretto
Roma Lazio
100%
Reggio Emilia Emilia-Romagna
94%
Cesenatico Emilia-Romagna
93%
Prato Toscana
91%
Pesaro Marche
85%
Padova Veneto
85%
Terni Umbria
78%
San Severo Puglia
57%
Alba Adriatica Abruzzo
46%
Cortona Toscana
26%
Nessun quiz corrispondente trovato
Distribuzione punteggi
Percentuale di utenti per punteggio
Percentile per numero di risposta
I tuoi punteggi nel tempo
Non hai fatto questo quiz